000 00258nam a2200109Ia 4500
005 20251222114346.0
008 251222s1900||||xx |||||||||||||| ||spa||
082 _aDVD0080/P26/1990
245 0 _aDespertares
264 _bLasker/Parkes Productions
942 _cDVD
999 _c1047
_d1047